Statistiques concernant Carte des villes canadiennes

Cliquez ici pour prendre le quiz!

Statistiques générales

  • Ce quiz a été pris 100 fois
  • Le résultat moyen est 12 sur 21

Réponses sur la Carte

Les réponses sont colorées sur une échelle allant du rouge au vert en fonction du pourcentage des utilisateurs qui les ont devinées à leur premier essai. Vous pouvez retrouver ces pourcentages ci-dessous.
 

Statistiques - réponses

Réponse% Correct
Québec
89%
Montréal
86%
Ottawa
78%
Toronto
78%
Vancouver
75%
Saint-Jean de Terre-Neuve
70%
Winnipeg
63%
Yellowknife
63%
Calgary
59%
Victoria
58%
Halifax
56%
Iqaluit
56%
Whitehorse
55%
Charlottetown
53%
Edmonton
48%
Regina
48%
Fort
McMurray
42%
Thunder Bay
38%
Churchill
36%
Windsor
33%
Sault-Sainte-Marie
27%

Distribution des résultats

Percentile par nombre de réponses

% des personnes avec chaque résultat

Votre développement - résultats

Vous n’avez pas pris ce quiz